[Event "BAN-chT Premier"]
[Site "Dhaka"]
[Date "2022.12.05"]
[Round "6.2"]
[White "Aaryan, Varshney"]
[Black "Rahman, Siddiqur"]
[Result "1-0"]
[WhiteElo "2312"]
[BlackElo "1970"]
[PlyCount "57"]
[EventDate "2022.11.30"]
[EventType "team-tourn"]
[EventRounds "11"]
[EventCountry "BAN"]
[SourceTitle "CBM 211 Extra"]
[Source "ChessBase"]
[SourceDate "2023.01.31"]
[SourceVersion "1"]
[SourceVersionDate "2023.01.31"]
[SourceQuality "1"]
[WhiteTeam "Uttara Central CC"]
[BlackTeam "Rupali Bank Krira Parisad"]
[WhiteTeamCountry "BAN"]
[BlackTeamCountry "BAN"]

1. d4 d5 2. c4 c6 3. Nf3 Nf6 4. Nc3 e6 5. e3 a6 6. a4 Bb4 7. Bd2 Nbd7 8. Bd3 0-0 9. 0-0 Re8 10. Nxd5 Nxd5 11. cxd5 Bxd2 12. dxe6 Ba5 13. exd7 Bxd7 14. Ne5 Be6 15. Qc2 Qh4 16. Bf5 Bd5 17. e4 Be6 18. Bxe6 Rxe6 19. f4 Bb6 20. Kh1 Bxd4 21. Nxf7 b5 22. Ng5 Rf6 23. g3 Qh5 24. axb5 cxb5 25. Qb3+ Kh8 26. Qd5 Raf8 27. Qxd4 Rh6 28. Rf2 Qg4 29. Nf7+ 1-0

[Event "BAN-chT Premier"]
[Site "Dhaka"]
[Date "2022.12.03"]
[Round "4.2"]
[White "Rahman, Siddiqur"]
[Black "Sandipan, Chanda"]
[Result "0-1"]
[WhiteElo "1970"]
[BlackElo "2474"]
[PlyCount "80"]
[EventDate "2022.11.30"]
[EventType "team-tourn"]
[EventRounds "11"]
[EventCountry "BAN"]
[SourceTitle "CBM 211 Extra"]
[Source "ChessBase"]
[SourceDate "2023.01.31"]
[SourceVersion "1"]
[SourceVersionDate "2023.01.31"]
[SourceQuality "1"]
[WhiteTeam "Rupali Bank Krira Parisad"]
[BlackTeam "Bangladesh Police"]
[WhiteTeamCountry "BAN"]
[BlackTeamCountry "BAN"]

1. d4 f5 2. c4 Nf6 3. Nc3 e6 4. Nf3 Bb4 5. Qc2 c5 6. dxc5 Ne4 7. Bd2 Nxd2 8. Qxd2 0-0 9. Nd4 Na6 10. a3 Bxc3 11. Qxc3 Nxc5 12. g3 Ne4 13. Qc2 b5 14. Bg2 bxc4 15. Qxc4 Bb7 16. f3 Bd5 17. Qd3 Nc5 18. Qe3 Qb6 19. 0-0 Rac8 20. Qf2 Qxb2 21. Rfb1 Qd2 22. Rd1 Qa5 23. Rdb1 e5 24. Nb5 Nb3 25. Rxb3 Bxb3 26. a4 a6 27. Qe3 Qb4 28. Rb1 axb5 29. Rxb3 Qe1+ 30. Bf1 Rc1 31. Qf2 bxa4 32. Qxe1 Rxe1 33. Ra3 Ra8 34. Kf2 Rb1 35. e4 fxe4 36. Bc4+ Kf8 37. fxe4 Ke7 38. Bd5 Ra5 39. g4 Rb2+ 40. Kg3 Rxd5 0-1

[Event "BAN-chT Premier"]
[Site "Dhaka"]
[Date "2022.12.02"]
[Round "3.2"]
[White "Narayanan, Sunilduth Lyna"]
[Black "Rahman, Siddiqur"]
[Result "1-0"]
[WhiteElo "2673"]
[BlackElo "1970"]
[PlyCount "96"]
[EventDate "2022.11.30"]
[EventType "team-tourn"]
[EventRounds "11"]
[EventCountry "BAN"]
[SourceTitle "CBM 211 Extra"]
[Source "ChessBase"]
[SourceDate "2023.01.31"]
[SourceVersion "1"]
[SourceVersionDate "2023.01.31"]
[SourceQuality "1"]
[WhiteTeam "SAIF Sporting Club"]
[BlackTeam "Rupali Bank Krira Parisad"]
[WhiteTeamCountry "BAN"]
[BlackTeamCountry "BAN"]

1. d4 d5 2. c4 c6 3. Nf3 Nf6 4. Nc3 e6 5. e3 Nbd7 6. Qc2 a6 7. b3 b5 8. Bb2 Bb7 9. c5 g6 10. Bd3 Bg7 11. 0-0 0-0 12. e4 b4 13. Na4 dxe4 14. Bxe4 Nxe4 15. Qxe4 Nf6 16. Qc2 Nd5 17. Bc1 a5 18. Bg5 Qc7 19. Rfe1 Ba6 20. Nb2 h6 21. Bh4 Qf4 22. Bg3 Qf5 23. Qd2 g5 24. Ne5 Bxe5 25. Rxe5 Qf6 26. Rae1 Ne7 27. Nd1 Ng6 28. R5e4 Rad8 29. Ne3 Rd7 30. Bd6 Rfd8 31. Ng4 Qg7 32. Ne5 Rxd6 33. cxd6 Rxd6 34. Nxg6 Qxg6 35. Qe3 Rd5 36. Re5 Bd3 37. Rxd5 cxd5 38. Rc1 Bb1 39. Qd2 Qe4 40. f3 Qd3 41. Qxd3 Bxd3 42. Rc5 a4 43. bxa4 Bc4 44. Rb5 Bxa2 45. Rxb4 Kf8 46. a5 Bc4 47. Rxc4 dxc4 48. a6 Kg8 1-0

[Event "BAN-chT Premier"]
[Site "Dhaka"]
[Date "2022.11.30"]
[Round "1.2"]
[White "Aradhya, Garg"]
[Black "Rahman, Siddiqur"]
[Result "1-0"]
[WhiteElo "2289"]
[BlackElo "1970"]
[PlyCount "62"]
[EventDate "2022.11.30"]
[EventType "team-tourn"]
[EventRounds "11"]
[EventCountry "BAN"]
[SourceTitle "CBM 211 Extra"]
[Source "ChessBase"]
[SourceDate "2023.01.31"]
[SourceVersion "1"]
[SourceVersionDate "2023.01.31"]
[SourceQuality "1"]
[WhiteTeam "Sheikh Russel"]
[BlackTeam "Rupali Bank Krira Parisad"]
[WhiteTeamCountry "BAN"]
[BlackTeamCountry "BAN"]

1. d4 d5 2. c4 c6 3. Nf3 Nf6 4. Nc3 e6 5. e3 Nbd7 6. Qc2 Bb4 7. a3 Bxc3+ 8. Qxc3 Ne4 9. Qc2 0-0 10. Bd3 f5 11. 0-0 Rf6 12. b4 a6 13. a4 Rh6 14. Ba3 Ndf6 15. b5 axb5 16. axb5 Bd7 17. cxd5 cxd5 18. Be7 Qe8 19. Rxa8 Qd8 20. Rc8 Qxc8 21. Qc7 Qa8 22. Bxf6 Be8 23. Ne5 Rxf6 24. b6 Rf8 25. Rd1 Nf6 26. f3 Qa3 27. Rc1 Qa4 28. Qe7 Bd7 29. h3 Re8 30. Qf7+ Kh8 31. Nxd7 Qa3 1-0

[Event "BAN-chB 47th"]
[Site "Dhaka"]
[Date "2022.10.30"]
[Round "4"]
[White "Rahman, Siddiqur"]
[Black "Ahmed, Sk Nasir"]
[Result "1/2-1/2"]
[WhiteElo "1975"]
[BlackElo "2181"]
[PlyCount "123"]
[EventDate "2022.10.27"]
[EventType "swiss"]
[EventRounds "11"]
[EventCountry "BAN"]
[SourceTitle "EXT 2024"]
[Source "ChessBase"]
[SourceDate "2023.10.10"]
[SourceVersion "1"]
[SourceVersionDate "2023.10.10"]
[SourceQuality "1"]

1. d4 Nf6 2. c4 e6 3. Nc3 Bb4 4. Qc2 d5 5. e3 0-0 6. Bd3 c5 7. Nf3 Nc6 8. cxd5 exd5 9. 0-0 c4 10. Bf5 Re8 11. Bxc8 Rxc8 12. Bd2 a6 13. Rfe1 Ne4 14. a3 Bf8 15. Red1 f5 16. Be1 b5 17. b4 g6 18. Ne2 Bd6 19. Nd2 Qc7 20. Nf1 Ra8 21. f3 Nf6 22. Nc3 Qf7 23. Bh4 Nd7 24. Rab1 Nb6 25. Bf2 Bf8 26. Ng3 f4 27. Nf1 fxe3 28. Nxe3 Rad8 29. Ng4 h5 30. Ne5 Nxe5 31. dxe5 Nc8 32. f4 Ne7 33. Bb6 Rd7 34. Ne4 Bg7 35. Nd6 Rxd6 36. exd6 Nf5 37. Re1 Nxd6 38. Rxe8+ Qxe8 39. Qd2 Qc6 40. Bd4 Nf5 41. Bxg7 Kxg7 42. h3 d4 43. g4 Qe4 44. Re1 Ne3 45. Qf2 hxg4 46. hxg4 c3 47. g5 c2 48. Qh2 Kg8 49. Qh3 Qc6 50. Rc1 Kf7 51. Qh7+ Ke8 52. Qh8+ Ke7 53. Qg7+ Ke8 54. Qh8+ Kf7 55. Qh7+ Kf8 56. Qh8+ Ke7 57. Qg7+ Ke8 58. Qh8+ Ke7 59. Qg7+ Ke8 60. Qh8+ Kf7 61. Qh7+ Ke8 62. Qh8+ 1/2-1/2

[Event "Dhaka Metropolis op U2100"]
[Site "Dhaka"]
[Date "2022.10.25"]
[Round "9"]
[White "Mohammed, Salim"]
[Black "Rahman, Siddiqur"]
[Result "0-1"]
[WhiteElo "1837"]
[BlackElo "1975"]
[PlyCount "96"]
[EventDate "2022.10.17"]
[EventType "swiss"]
[EventRounds "9"]
[EventCountry "BAN"]
[SourceTitle "EXT 2024"]
[Source "ChessBase"]
[SourceDate "2023.10.10"]
[SourceVersion "1"]
[SourceVersionDate "2023.10.10"]
[SourceQuality "1"]

1. c4 c5 2. Nc3 Nc6 3. g3 g6 4. Bg2 Bg7 5. e3 Nf6 6. Nge2 0-0 7. 0-0 a6 8. a3 Qc7 9. Rb1 Rb8 10. Qa4 d6 11. Bxc6 bxc6 12. e4 Nd7 13. d3 Ne5 14. Qc2 Bh3 15. Rd1 Bg4 16. Be3 Qd7 17. f4 Nf3+ 18. Kg2 Nd4 19. Bxd4 Bxd4 20. Re1 Bh3+ 21. Kh1 Bf2 22. Red1 Bg4 23. Kg2 Bd4 24. Re1 Bg7 25. Ng1 Be6 26. Nce2 a5 27. h3 Rb7 28. g4 Qc7 29. Rf1 Rfb8 30. Nc3 f5 31. exf5 gxf5 32. Rfe1 Bf7 33. Nge2 Qd7 34. Kg3 e5 35. Nd1 exf4+ 36. Nxf4 Be5 37. Kf3 fxg4+ 38. hxg4 Rf8 39. Nf2 Be6 40. N2h3 Bxg4+ 41. Ke3 Bd4+ 42. Kd2 Bxh3 43. Rg1+ Bxg1 44. Rxg1+ Bg4 45. Rf1 Qg7 46. Kc1 Rbf7 47. Qh2 Rxf4 48. Rxf4 Qg5 0-1

[Event "Dhaka Metropolis op U2100"]
[Site "Dhaka"]
[Date "2022.10.24"]
[Round "8"]
[White "Rahman, Siddiqur"]
[Black "Md Saiful, Islam1111"]
[Result "1-0"]
[WhiteElo "1975"]
[BlackElo "1675"]
[PlyCount "57"]
[EventDate "2022.10.17"]
[EventType "swiss"]
[EventRounds "9"]
[EventCountry "BAN"]
[SourceTitle "EXT 2024"]
[Source "ChessBase"]
[SourceDate "2023.10.10"]
[SourceVersion "1"]
[SourceVersionDate "2023.10.10"]
[SourceQuality "1"]

1. d4 d5 2. c4 e6 3. Nc3 c6 4. e3 Nf6 5. Nf3 dxc4 6. Bxc4 Nbd7 7. 0-0 Bb4 8. Qc2 Nb6 9. Bd3 Be7 10. a3 a6 11. b4 Bd7 12. Bb2 Rc8 13. Rfd1 Qc7 14. Rac1 Nbd5 15. Qb3 Qb8 16. Na4 b5 17. Nc5 Bxc5 18. dxc5 Qa7 19. Be5 h6 20. Qb2 Ng4 21. Bxg7 Rg8 22. Bh7 Ke7 23. Bxg8 Rxg8 24. Be5 Ngf6 25. Qd4 Rg4 26. Bxf6+ Nxf6 27. Qd6+ Ke8 28. Ne5 Re4 29. Nxc6 1-0

[Event "BAN-chB 46th"]
[Site "Dhaka"]
[Date "2021.12.22"]
[Round "8"]
[White "Rahman, Siddiqur"]
[Black "Hamid, Rani"]
[Result "1/2-1/2"]
[WhiteElo "1960"]
[BlackElo "1864"]
[PlyCount "42"]
[EventDate "2021.12.15"]
[EventType "swiss"]
[EventRounds "9"]
[EventCountry "BAN"]
[SourceTitle "CBM 206 Extra"]
[Source "ChessBase"]
[SourceDate "2022.03.31"]
[SourceVersion "1"]
[SourceVersionDate "2022.03.31"]
[SourceQuality "1"]

1. d4 d5 2. c4 e6 3. Nc3 Nf6 4. Bg5 Nbd7 5. cxd5 exd5 6. g3 c6 7. Nf3 Qa5 8. Bd2 Bb4 9. Bg2 Ne4 10. Nxe4 dxe4 11. Bxb4 Qxb4+ 12. Qd2 Qe7 13. Ng5 f5 14. 0-0 0-0 15. h4 Nb6 16. Nh3 Be6 17. b3 Rad8 18. Rfd1 Bf7 19. Nf4 Qa3 20. Qc1 Qe7 21. Bf1 Rfe8 1/2-1/2

[Event "BAN-chB 46th"]
[Site "Dhaka"]
[Date "2021.12.21"]
[Round "7"]
[White "Faisal, Hossain"]
[Black "Rahman, Siddiqur"]
[Result "1-0"]
[WhiteElo "1881"]
[BlackElo "1960"]
[PlyCount "82"]
[EventDate "2021.12.15"]
[EventType "swiss"]
[EventRounds "9"]
[EventCountry "BAN"]
[SourceTitle "CBM 206 Extra"]
[Source "ChessBase"]
[SourceDate "2022.03.31"]
[SourceVersion "1"]
[SourceVersionDate "2022.03.31"]
[SourceQuality "1"]

1. c4 e6 2. Nc3 c6 3. g3 d5 4. cxd5 cxd5 5. Bg2 Nf6 6. Nf3 Nc6 7. 0-0 Be7 8. a3 0-0 9. d3 h6 10. b4 a6 11. Bb2 b5 12. Rc1 Bb7 13. Nd2 Qb6 14. Nb3 a5 15. bxa5 Nxa5 16. Rb1 d4 17. Bxb7 Nxb7 18. Na2 e5 19. Nb4 Bxb4 20. axb4 Nd5 21. Qd2 Ra4 22. f4 Nc3 23. Ra1 Rxb4 24. Ba3 Rxb3 25. Bxf8 Kxf8 26. Ra8+ Ke7 27. fxe5 Nc5 28. Rxf7+ Kxf7 29. Qf4+ Ke6 30. Qg4+ Kd5 31. Qf3+ N3e4 32. Rc8 Rc3 33. Qf7+ Ne6 34. dxe4+ Kxe5 35. Qf5+ Kd6 36. Re8 d3+ 37. Kg2 dxe2 38. Rxe6+ Kd7 39. Qf7+ Kc8 40. Re8+ Qd8 41. Rxd8+ Kxd8 1-0

[Event "BAN-chT 1st League"]
[Site "Dhaka"]
[Date "2021.03.03"]
[Round "7.1"]
[White "Anata, Choudhury"]
[Black "Rahman, Siddiqur"]
[Result "1-0"]
[WhiteElo "2167"]
[BlackElo "1979"]
[PlyCount "79"]
[EventDate "2021.02.25"]
[EventType "team-tourn"]
[EventRounds "11"]
[EventCountry "BAN"]
[SourceTitle "EXT 2022"]
[Source "ChessBase"]
[SourceDate "2021.10.06"]
[SourceVersion "1"]
[SourceVersionDate "2021.10.06"]
[SourceQuality "1"]
[WhiteTeam "Manha's Castle"]
[BlackTeam "Esoft Arena"]
[WhiteTeamCountry "BAN"]
[BlackTeamCountry "BAN"]

1. e4 e6 2. d4 d5 3. Nc3 Nf6 4. e5 Nfd7 5. f4 c5 6. Nf3 Nc6 7. Be3 g6 8. Qd2 a6 9. Nd1 cxd4 10. Nxd4 Nxd4 11. Bxd4 Nc5 12. Nf2 b5 13. Be2 Bb7 14. 0-0 Be7 15. Qe3 Rc8 16. c3 Nd7 17. a4 b4 18. cxb4 Bxb4 19. Nd3 Be7 20. Rfc1 0-0 21. Rxc8 Qxc8 22. b4 Bc6 23. Nc5 Bb7 24. Rc1 Nxc5 25. Bxc5 Qd7 26. Bxe7 Qxe7 27. Qb6 Rc8 28. Rxc8+ Bxc8 29. Qb8 Qb7 30. Qxb7 Bxb7 31. Kf2 Kf8 32. Ke3 Ke7 33. Kd4 Kd7 34. Kc5 Bc6 35. a5 Bb7 36. Kb6 Kc8 37. g3 Kb8 38. b5 d4 39. Kc5 axb5 40. Bxb5 1-0

[Event "BAN-chT 1st League"]
[Site "Dhaka"]
[Date "2021.02.25"]
[Round "1.1"]
[White "Rahman, Siddiqur"]
[Black "Sacchu, Afzal Hossain"]
[Result "1/2-1/2"]
[WhiteElo "1979"]
[BlackElo "1993"]
[PlyCount "143"]
[EventDate "2021.02.25"]
[EventType "team-tourn"]
[EventRounds "11"]
[EventCountry "BAN"]
[SourceTitle "EXT 2022"]
[Source "ChessBase"]
[SourceDate "2021.10.06"]
[SourceVersion "1"]
[SourceVersionDate "2021.10.06"]
[SourceQuality "1"]
[WhiteTeam "Esoft Arena"]
[BlackTeam "Dhaka CC"]
[WhiteTeamCountry "BAN"]
[BlackTeamCountry "BAN"]

1. d4 d5 2. c4 e6 3. Nc3 Nf6 4. Nf3 Be7 5. e3 0-0 6. Bd3 Nbd7 7. 0-0 dxc4 8. Bxc4 b6 9. e4 Bb7 10. Qe2 a6 11. Rd1 b5 12. Bd3 c5 13. dxc5 Bxc5 14. Bg5 Qb8 15. Rac1 Ng4 16. Bh4 Bd6 17. Bg3 Bxg3 18. hxg3 Nge5 19. Bb1 Nf6 20. Rd4 Ng6 21. Rcd1 Qc7 22. Qd2 Rac8 23. Ne2 e5 24. Rd6 Nxe4 25. Bxe4 Bxe4 26. Rxa6 Qb7 27. Ra3 Rc2 28. Qe3 Bxf3 29. gxf3 Rxb2 30. Ra7 Qc6 31. Rc1 Qe6 32. a3 b4 33. axb4 Rxb4 34. Kg2 Rb3 35. Qe4 Rb2 36. Rcc7 Qf6 37. Nc3 Qg5 38. Kf1 Qd2 39. Qe3 Qxe3 40. fxe3 h5 41. Ne4 Nh8 42. Rab7 Rxb7 43. Rxb7 f6 44. Kg2 Kh7 45. f4 exf4 46. exf4 Kh6 47. Nd6 Kg6 48. Kf3 Kh7 49. Rd7 Kg8 50. Nf5 Rf7 51. Rxf7 Kxf7 52. Ke4 g6 53. Nd4 Ke7 54. Kd5 Nf7 55. Nc6+ Kd7 56. Nb4 Ke8 57. Ke6 g5 58. fxg5 fxg5 59. Kf5 Kf8 60. Nc6 Kg7 61. Nd4 Kh6 62. Nf3 Nd6+ 63. Ke5 Nc4+ 64. Kd4 Nb2 65. Ke4 Nd1 66. Ne5 Nf2+ 67. Kf5 g4 68. Nf7+ Kg7 69. Ne5 Kh6 70. Nf7+ Kg7 71. Ne5 Kh7 72. Kg5 1/2-1/2

[Event "BAN-chT"]
[Site "Dhaka"]
[Date "2019.12.10"]
[Round "4.6"]
[White "Hossain, Showkat Pollab"]
[Black "Rahman, Siddiqur"]
[Result "1/2-1/2"]
[WhiteElo "2088"]
[BlackElo "1936"]
[PlyCount "67"]
[EventDate "2019.12.07"]
[EventType "team-tourn"]
[EventRounds "11"]
[EventCountry "BAN"]
[SourceTitle "CBM 193 Extra"]
[Source "ChessBase"]
[SourceDate "2020.01.31"]
[SourceVersion "1"]
[SourceVersionDate "2020.01.31"]
[SourceQuality "1"]
[WhiteTeam "Sheikh Russel"]
[BlackTeam "Sonali Bank Sports"]
[WhiteTeamCountry "BAN"]
[BlackTeamCountry "BAN"]

1. e4 c5 2. Nf3 Nc6 3. Bb5 d6 4. c4 Bd7 5. Nc3 Nf6 6. 0-0 a6 7. Bxc6 Bxc6 8. e5 Ng4 9. e6 fxe6 10. Ng5 Ne5 11. Qe2 Bd7 12. f4 Nc6 13. Nxe6 Bxe6 14. Qxe6 Qd7 15. Qe4 0-0-0 16. Nd5 Kb8 17. f5 Re8 18. Nf4 Nd4 19. Ne6 Qc6 20. Qxc6 Nxc6 21. b3 g6 22. fxg6 hxg6 23. Bb2 Rg8 24. Rae1 Kc8 25. Rf3 Bh6 26. Re2 Nd8 27. Rh3 Nxe6 28. Rxh6 Kd7 29. g3 Ref8 30. Kg2 Rf7 31. Rh4 Nd8 32. a3 e5 33. b4 b6 34. Rf2 1/2-1/2

[Event "BAN-chT"]
[Site "Dhaka"]
[Date "2018.12.16"]
[Round "11.5"]
[White "Chowdhury, Sohel"]
[Black "Rahman, Siddiqur"]
[Result "1-0"]
[WhiteElo "2012"]
[BlackElo "1987"]
[PlyCount "98"]
[EventDate "2018.12.06"]
[EventType "team-tourn"]
[EventRounds "11"]
[EventCountry "BAN"]
[SourceTitle "CBM 187 Extra"]
[Source "ChessBase"]
[SourceDate "2018.11.04"]
[SourceVersion "1"]
[SourceVersionDate "2018.11.04"]
[SourceQuality "1"]
[WhiteTeam "Titas CC"]
[BlackTeam "Esoft Arena"]
[WhiteTeamCountry "BAN"]
[BlackTeamCountry "BAN"]

1. e4 e6 2. d4 d5 3. exd5 exd5 4. Bd3 Nf6 5. Nf3 Bg4 6. 0-0 Be7 7. h3 Bh5 8. Re1 0-0 9. Be3 c6 10. Nbd2 Nbd7 11. c3 Re8 12. Qc2 Bg6 13. Bxg6 hxg6 14. Ne5 Bd6 15. f4 Qc7 16. Rac1 Nf8 17. a3 b5 18. Qd3 Ne4 19. Nxe4 dxe4 20. Qxe4 f6 21. Qxc6 fxe5 22. Qd5+ Kh7 23. fxe5 Be7 24. Qxb5 Rab8 25. Qe2 Rb3 26. Rc2 Reb8 27. Bc1 Ne6 28. Rf1 Bg5 29. Bxg5 Nxg5 30. Qg4 Qe7 31. Rff2 Nf7 32. Qe2 Nh6 33. Qd2 Nf5 34. Qf4 Qe6 35. Rcd2 Rd8 36. Qe4 Kg8 37. Kh2 Ne7 38. Qh4 Rdb8 39. Qe4 Rd8 40. Qh4 Rdb8 41. Rde2 Re8 42. Qe4 Rd8 43. Rd2 Rbb8 44. Qe2 Rbc8 45. Rd3 Nf5 46. Qg4 Rf8 47. Rg3 Rc6 48. Rgf3 Rb6 49. Qe4 Rd8 1-0

[Event "BAN Marcel 1st Div"]
[Site "Dhaka"]
[Date "2018.01.05"]
[Round "7.3"]
[White "Ahmed, Sk Raju"]
[Black "Rahman, Siddiqur"]
[Result "1/2-1/2"]
[WhiteElo "1809"]
[BlackElo "2057"]
[PlyCount "164"]
[EventDate "2017.12.30"]
[EventType "team-tourn"]
[EventRounds "9"]
[EventCountry "BAN"]
[SourceTitle "CBM 182 Extra"]
[Source "ChessBase"]
[SourceDate "2018.02.23"]
[SourceVersion "1"]
[SourceVersionDate "2018.02.23"]
[SourceQuality "1"]
[WhiteTeam "Mir CC"]
[BlackTeam "Esoft Arena"]
[WhiteTeamCountry "BAN"]
[BlackTeamCountry "BAN"]

1. d4 d5 2. Nd2 Nf6 3. g3 c6 4. Bg2 Bg4 5. f3 Bh5 6. c3 h6 7. Qb3 Qc7 8. Nh3 Bg6 9. 0-0 Nbd7 10. Nf2 e5 11. Re1 Bd6 12. e4 dxe4 13. Ndxe4 Nxe4 14. Nxe4 Bxe4 15. fxe4 0-0 16. Be3 Rad8 17. Rf1 c5 18. d5 c4 19. Qd1 Bc5 20. Qe2 b5 21. a4 Qb6 22. Bxc5 Nxc5 23. a5 Qc7 24. Ra3 a6 25. Qe3 Na4 26. Rf2 Qxa5 27. Bf3 Rd6 28. Bd1 Ra8 29. Qd2 Rb8 30. Kg2 Rb7 31. Bc2 Rbb6 32. Rf1 Rf6 33. Rfa1 Rbd6 34. Bxa4 bxa4 35. Rxa4 Qc7 36. Qe2 Rb6 37. R1a2 Qc5 38. Rxc4 Qe7 39. b4 g5 40. Rc8+ Kg7 41. Ra8 Qb7 42. Re8 Qd7 43. Rxe5 Qc7 44. Rf5 Rxf5 45. exf5 Qxc3 46. Rxa6 Rxb4 47. Ra2 Qf6 48. Rd2 Qxf5 49. d6 Rb7 50. Qc4 Rd7 51. Qd4+ Qf6 52. Qd5 Qe6 53. Qd4+ Kg6 54. g4 f6 55. Qd3+ Kg7 56. h3 Qe5 57. Rd1 Qe6 58. Rd2 h5 59. gxh5 f5 60. Qd4+ Kh6 61. Qh8+ Rh7 62. Qf8+ Kxh5 63. Qa8 Rd7 64. Qf3+ Kg6 65. Qd3 Kf6 66. Rf2 f4 67. Rd2 Qf5 68. Qxf5+ Kxf5 69. Rd5+ Ke4 70. Rxg5 Rxd6 71. h4 Rd2+ 72. Kh3 f3 73. Rg1 Ke3 74. Kg3 f2 75. Rf1 Rd8 76. h5 Rg8+ 77. Kh4 Rg1 78. Rxf2 Kxf2 79. h6 Kf3 80. Kh5 Kf4 81. h7 Kf5 82. Kh6 Rh1+ 1/2-1/2

[Event "BAN Marcel 1st Div"]
[Site "Dhaka"]
[Date "2018.01.04"]
[Round "6.4"]
[White "Aayush, Bhattacherjee"]
[Black "Rahman, Siddiqur"]
[Result "0-1"]
[WhiteElo "1493"]
[BlackElo "2057"]
[PlyCount "68"]
[EventDate "2017.12.30"]
[EventType "team-tourn"]
[EventRounds "9"]
[EventCountry "BAN"]
[SourceTitle "CBM 182 Extra"]
[Source "ChessBase"]
[SourceDate "2018.02.23"]
[SourceVersion "1"]
[SourceVersionDate "2018.02.23"]
[SourceQuality "1"]
[WhiteTeam "Kasparov CC"]
[BlackTeam "Esoft Arena"]
[WhiteTeamCountry "BAN"]
[BlackTeamCountry "BAN"]

1. d4 d5 2. Nf3 Nf6 3. g3 c6 4. Bg2 h6 5. c4 dxc4 6. Qc2 b5 7. a4 Bb7 8. 0-0 e6 9. axb5 cxb5 10. b3 cxb3 11. Qxb3 a6 12. Nc3 Be7 13. Ba3 0-0 14. Bxe7 Qxe7 15. Ra2 Nbd7 16. Rfa1 b4 17. Rc2 Bxf3 18. Bxf3 bxc3 19. Bxa8 Rxa8 20. Rxc3 Qd6 21. Qc4 Nb6 22. Qc5 Qd8 23. Rb3 Nbd5 24. Rba3 Ne4 25. Qc4 a5 26. Qd3 Ng5 27. Qd2 Qb6 28. Rxa5 Rxa5 29. Rxa5 Qb1+ 30. Kg2 Qe4+ 31. f3 Ne3+ 32. Kf2 Nh3+ 33. Ke1 Qb1+ 34. Qd1 Qxd1# 0-1

[Event "Dhaka Powertec op-A"]
[Site "Dhaka"]
[Date "2017.07.20"]
[Round "6"]
[White "Rahman, Siddiqur"]
[Black "Islam, Khandaker Aminul"]
[Result "0-1"]
[WhiteElo "2085"]
[BlackElo "2228"]
[PlyCount "122"]
[EventDate "2017.07.15"]
[EventType "swiss"]
[EventRounds "9"]
[EventCountry "BAN"]
[SourceTitle "EXT 2018"]
[Source "ChessBase"]
[SourceDate "2017.10.13"]
[SourceVersion "1"]
[SourceVersionDate "2017.10.13"]
[SourceQuality "1"]

1. d4 e6 2. c4 b6 3. Nf3 Bb7 4. Nc3 Bb4 5. e3 f5 6. a3 Bxc3+ 7. bxc3 Nf6 8. a4 Ne4 9. Qb3 Nc6 10. a5 Nxa5 11. Qc2 c5 12. Ba3 Qc7 13. Nd2 Nxd2 14. Kxd2 0-0 15. f3 d6 16. Bd3 Ba6 17. Qa2 Rac8 18. Rac1 Bb7 19. Ke2 Qd7 20. Ra1 e5 21. d5 Ba6 22. Kf2 e4 23. Be2 Rc7 24. f4 Qa4 25. Qb1 Qb3 26. Bb4 cxb4 27. Qxb3 Nxb3 28. Rxa6 bxc3 29. Ra3 Na5 30. Rxc3 Rfc8 31. Rhc1 Kf7 32. g4 g6 33. Kg3 Kf6 34. h4 Rc5 35. g5+ Ke7 36. Ra3 Rxd5 37. h5 Rd2 38. Kf2 gxh5 39. Rac3 Kf8 40. Rh1 Rxc4 41. Rxc4 Nxc4 42. Rxh5 Kg7 43. Rh6 b5 44. Ke1 Rd5 45. Kf2 a5 46. Rf6 Rc5 47. Bh5 Rc7 48. Rxf5 Rb7 49. Rd5 h6 50. g6 b4 51. Be2 Na3 52. Bd1 b3 53. Bxb3 Rxb3 54. Rxd6 Rb5 55. Re6 Nc2 56. Rxe4 Kxg6 57. Re6+ Kg7 58. e4 a4 59. Ra6 a3 60. Kf3 Rb2 61. Ra7+ Kf8 0-1

[Event "Dhaka Powertec op-A"]
[Site "Dhaka"]
[Date "2017.07.18"]
[Round "4"]
[White "Mohammad, Javed"]
[Black "Rahman, Siddiqur"]
[Result "0-1"]
[WhiteElo "2179"]
[BlackElo "2085"]
[PlyCount "72"]
[EventDate "2017.07.15"]
[EventType "swiss"]
[EventRounds "9"]
[EventCountry "BAN"]
[SourceTitle "EXT 2018"]
[Source "ChessBase"]
[SourceDate "2017.10.13"]
[SourceVersion "1"]
[SourceVersionDate "2017.10.13"]
[SourceQuality "1"]

1. d4 d5 2. Nf3 Nf6 3. c4 c6 4. Nc3 e6 5. e3 Nbd7 6. Qc2 Be7 7. b3 a6 8. Bd3 h6 9. 0-0 0-0 10. Rd1 Bb4 11. Bb2 b5 12. Ne2 Bb7 13. c5 Ba5 14. Ne5 Bc7 15. h3 a5 16. f4 Nxe5 17. dxe5 Nd7 18. a3 Qe7 19. b4 f6 20. exf6 Nxf6 21. Nd4 e5 22. Nf5 Qe6 23. fxe5 Bxe5 24. Bd4 Bc8 25. bxa5 Rxa5 26. Qc3 Bxd4 27. exd4 Ra7 28. Re1 Qf7 29. Nd6 Qh5 30. Re5 Qh4 31. Bc2 b4 32. Qxb4 Bxh3 33. Qc3 Bxg2 34. Kxg2 Ng4 35. Nf5 Qh2+ 36. Kf3 Qh3+ 0-1

[Event "Dhaka Powertec op-A"]
[Site "Dhaka"]
[Date "2017.07.15"]
[Round "1"]
[White "Rahman, Siddiqur"]
[Black "Rahman, Md Taibur"]
[Result "1/2-1/2"]
[WhiteElo "2085"]
[BlackElo "2301"]
[PlyCount "129"]
[EventDate "2017.07.15"]
[EventType "swiss"]
[EventRounds "9"]
[EventCountry "BAN"]
[SourceTitle "EXT 2018"]
[Source "ChessBase"]
[SourceDate "2017.10.13"]
[SourceVersion "1"]
[SourceVersionDate "2017.10.13"]
[SourceQuality "1"]

1. d4 e6 2. c4 b6 3. Nc3 Bb7 4. Nf3 f5 5. g3 Nf6 6. Bg2 Be7 7. 0-0 0-0 8. a3 a5 9. Re1 Ne4 10. Qc2 Bf6 11. Ne5 Nd6 12. Bxb7 Nxb7 13. f4 Nc6 14. Nb5 Nd6 15. Be3 Ne7 16. Red1 Nxb5 17. cxb5 Nd5 18. Nc4 g5 19. fxg5 Bxg5 20. Bxg5 Qxg5 21. Rd3 Rf6 22. Rf1 Kh8 23. Rdf3 Rh6 24. e4 fxe4 25. Qxe4 d6 26. Ne3 Rg8 27. Nxd5 exd5 28. Qf4 Qh5 29. R1f2 Re6 30. Qf5 Qg4 31. Qxd5 Qh3 32. Qf5 Re1+ 33. Rf1 Qxf5 34. Rxf5 Re2 35. R1f2 Rge8 36. Rf7 R8e7 37. Rxe7 Rxe7 38. Rc2 Re4 39. Rxc7 Rxd4 40. Rc6 Rd1+ 41. Kg2 Rd2+ 42. Kh3 Rxb2 43. Rxb6 d5 44. Rb8+ Kg7 45. b6 d4 46. Ra8 Rxb6 47. Rxa5 Rd6 48. Rb5 Kf6 49. Kg2 d3 50. Rb1 Ke5 51. Kf2 Kd4 52. Ke1 Rf6 53. Rb4+ Ke3 54. Rf4 Ra6 55. Rf7 h5 56. Re7+ Kf3 57. Re5 Rxa3 58. Rxh5 Ke3 59. Re5+ Kd4 60. Rh5 Ra1+ 61. Kd2 Ra2+ 62. Kd1 Rg2 63. Rh8 Rg1+ 64. Kd2 Rg2+ 65. Kd1 1/2-1/2